Statistics for WWE Hall of Fame inductees (1993-2020)

Click here to take the quiz!

General Stats

  • This quiz has been taken 883 times
    (8 since last reset)
  • The average score is 124 of 182

Answer Stats

Year Answer % Correct
2005"Rowdy" Roddy Piper
100%
2013Bruno Sammartino
100%
2005Hulk Hogan
100%
2013Trish Stratus
100%
2014Jake "The Snake" Roberts
100%
2006Bret Hart
100%
2006Eddie Guerrero
100%
2011"Hacksaw" Jim Duggan
100%
2008Ric Flair
100%
2007Dusty Rhodes
100%
2012Edge
100%
1993Andre the Giant
100%
1996"Superfly" Jimmy Snuka
100%
2013Booker T
100%
2013Mick Foley
88%
2018Goldberg
88%
2012Yokozuna
88%
2005Jimmy Hart
88%
2005Bob Orton
88%
2017Beth Phoenix
88%
2017"Ravishing" Rick Rude
88%
2011The Road Warriors
88%
2007"Mr. Perfect" Curt Hennig
88%
2008Rocky Johnson
88%
2010"Million Dollar Man" Ted Dibiase
88%
2009"Stone Cold" Steve Austin
88%
2008Mae Young
88%
2010Stu Hart
88%
2011Sunny
88%
2011Shawn Michaels
88%
2013Donald Trump
88%
2013Bob Backlund
88%
2015"Machon Man" Randy Savage
88%
1996Pat Patterson
88%
2016Sting
88%
2017Kurt Angle
88%
2004Sgt. Slaughter
88%
2015Kevin Nash
88%
2014The Ultimate Warrior
88%
2014Lita
88%
2014Razor Ramon
88%
2016The Fabulous Freebirds
75%
2020The nWo
75%
2017The Rock 'n' Roll Express
75%
2020Batista
75%
2017"Diamond" Dallas Page
75%
2009Bill Watts
75%
2016The Godfather
75%
2009The Von Erich family
75%
2016Big Bossman
75%
2010Antonio Inoki
75%
2011Bob Armstrong
75%
2011Abdullah the Butcher
75%
2018Jeff Jarrett
75%
2018Mark Henry
75%
2018The Dudley Boyz
75%
2014Paul Bearer
75%
2016Snoop Dogg
75%
2012Mil Mascaras
75%
2012The 4 Horsemen
75%
2015Alundra Blayze
75%
2019D-Generation X
75%
2009Ricky "The Dragon" Steamboat
75%
2018Stan Stasiak
75%
2015Rikishi
75%
2012Mike Tyson
75%
2006Sensational Sherri
75%
2005The Iron Sheik
75%
1995Pedro Morales
75%
2007Jerry Lawler
75%
2007Jim Ross
75%
2004Big John Studd
75%
2004Junkyard Dog
75%
1996Vincent J. McMahon
75%
1994Chief Jay Strongbow
75%
2004Bobby "The Brain" Heenan
75%
2004Tito Santana
75%
2004Don Muraco
75%
2007Mr. Fuji
75%
2006Tony Atlas
75%
1994James Dudley
75%
1995The Fabulous Moolah
75%
2008Peter Maivia
75%
2007The Sheik
75%
1996Captain Lou Albano
63%
2018Ivory
63%
2016Stan Hansen
63%
1995Antonino Rocca
63%
1996Killer Kowalski
63%
1994Gorilla Monsoon
63%
2018Hillbilly Jim
63%
2015Arnold Schwarzenegger
63%
2019Wahoo McDaniel
63%
1994Buddy Rogers
63%
1996Johnny Rodz
63%
1995Ernie Ladd
63%
2015The Bushwhackers
63%
2008The Brisco Bros.
63%
2019The Hart Foundation
63%
1995Ivan Putski
63%
2019Harlem Heat
63%
2019Brutus Beefcake
63%
1995George "The Animal" Steele
63%
1995The Grand Wizard
63%
2016Lou Thesz
63%
2019Luna Vachon
63%
2019Bruiser Brody
63%
2016Jacqueline
63%
1996The Valiants
63%
2011Drew Carey
63%
2009The Funks
63%
2006The Blackjacks
63%
2006Verne Gagne
63%
2006William "The Refrigerator" Perry
63%
2007Nick Bockwinkel
63%
2010Gorgeous George
63%
1994Bobo Brazil
63%
2007The Wild Samoans
63%
1994Arnold Skaaland
63%
2006"Mean" Gene Okerlund
63%
2012Ron Simmons
63%
2014Carlos Colon
63%
2009Koko B. Ware
63%
2004Jesse "The Body" Ventura
63%
2015Larry Zbyszko
63%
2004Harley Race
63%
2014Mr. T
63%
2019Professor Toru Tanaka
63%
2004Greg Valentine
63%
2004Pete Rose
63%
2020The Bella Twins
63%
2018El Santo
50%
2018Sputnik Monroe
50%
2018Rufus R. Jones
50%
2018Hiro Matsuda
50%
2018Dara Singh
50%
2018Boris Malenko
50%
2018Jim Londos
50%
2019Jim Barnett
50%
2019Torrie Wilson
50%
2019Hisashi Shinma
50%
2019Primo Carnera
50%
2019S.D. Jones
50%
2019Buddy Rose
50%
2019The Honkytonk Man
50%
2018Kid Rock
50%
2018Jarrius "JJ" Robertson
50%
2019Sue Aitchison
50%
2019Joe Cohen
50%
2018Cora Combs
50%
2016George Hackenschmidt
50%
2015Tatsumi Fujinami
50%
2004"Superstar" Billy Graham
50%
2015Connor "The Crusher" Michalek
50%
1996Baron Mikel Scicluna
50%
2016Mildred Burke
50%
2016"Sailor" Art Thomas
50%
2005Paul Orndorff
50%
2005Nikolai Volkoff
50%
2008Gordon Solie
50%
2009Howard Finkel
50%
2008Eddie Graham
50%
2010Wendi Richter
50%
2010Bob Uecker
50%
2010"Mad Dog" Maurice Vachon
50%
2016Frank Gotch
50%
2016"Strangler" Ed Lewis
50%
2017June Byers
50%
2017Dr. Jerry Graham
50%
2017Farmer Burns
50%
2017Eric LeGrand
50%
1994Freddie Blassie
50%
2018Lord Alfred Hayes
50%
2017Judy Grable
50%
2017Teddy Long
50%
2017Rikidozan
50%
2016Pat O'Connor
50%
2017Earl "Bearcat" Wright
50%
2016Joan Lunden
50%
2017Haystacks Calhoun
38%
2017Luther Lindsay
38%
2017Toots Mondt
38%

Score Distribution

Percentile by Number Answered

Percent of People with Each Score

Your Score History

You have not taken this quiz since the last reset